| 000 | 00351nam a22001457a 4500 | ||
|---|---|---|---|
| 003 | OSt | ||
| 005 | 20211230111119.0 | ||
| 008 | 211230b |||||||| |||| 00| 0 eng d | ||
| 020 | _a0024153508 | ||
| 040 | _cHU | ||
| 082 |
_23ed _a005.7 |
||
| 100 |
_aSp rankle Maureen _926324 |
||
| 245 | _aProblem Solving &Programming Concepts | ||
| 942 |
_2ddc _cBOOKS _n0 |
||
| 999 |
_c25231 _d25231 |
||